Itinerario español, ó Guia de caminos, para ir desde Madrid a todas las ciudades, y villas mas principales de España : by para ir de unas ciudades á otras y á algunas Cortes de Europa / (Record no. 153686)

MARC details
000 -LEADER
campo de control de longitud fija 01109nam a2200229 i 4500
001 - NÚMERO DE CONTROL
campo de control 153686
003 - IDENTIFICADOR DE NÚMERO DE CONTROL
campo de control ES-MaACL
005 - FECHA Y HORA DE LA ÚLTIMA TRANSACCIÓN
campo de control 20230906205336.0
008 - DATOS DE LONGITUD FIJA--INFORMACIÓN GENERAL
campo de control de longitud fija 931025s1775 sp |||| | spa d
100 1# - ENTRADA PRINCIPAL--NOMBRE DE PERSONA
Nombre de persona Escribano, José Matías.
9 (RLIN) 126956
245 10 - MENCIÓN DEL TÍTULO
Título Itinerario español, ó Guia de caminos, para ir desde Madrid a todas las ciudades, y villas mas principales de España : by para ir de unas ciudades á otras y á algunas Cortes de Europa /
Mención de responsabilidad, etc. añadido y corregido en esta tercera impresion por Josef Matías Escribano...
260 ## - PUBLICACIÓN, DISTRIBUCIÓN, ETC.
Lugar de publicación, distribución, etc. En Madrid :
Nombre del editor, distribuidor, etc. En la Imprenta de Miguel Escribano,
Fecha de publicación, distribución, etc. 1775.
300 ## - DESCRIPCIÓN FÍSICA
Extensión [8], 148, [36] p. ;
Dimensiones 12º.
530 ## - NOTA DISPONIBLE DE FORMULARIO FÍSICO ADICIONAL
Nota de formato físico adicional disponible Disponible en formato digital.
597 ## - NOTA DE DESCRIPCIÓN FÍSICA
NOTA DE DESCRIPCIÓN FÍSICA Sign.: calderón]4, A-G1, H8.
650 #4 - PUNTO DE ACCESO ADICIONAL DE MATERIA--TÉRMINO DE MATERIA
Término de materia o nombre geográfico como elemento de entrada Carreteras-
Subdivisión geográfica España.
9 (RLIN) 156236
650 #4 - PUNTO DE ACCESO ADICIONAL DE MATERIA--TÉRMINO DE MATERIA
Término de materia o nombre geográfico como elemento de entrada Caminos-
Subdivisión geográfica España.
9 (RLIN) 10701
651 #4 - PUNTO DE ACCESO ADICIONAL DE MATERIA--NOMBRE GEOGRÁFICO
Nombre geográfico España-
Subdivisión general Descripción-
Subdivisión cronológica S.XVIII.
9 (RLIN) 8186
700 1# - ENTRADA AGREGADA--NOMBRE PERSONAL
Nombre de persona Escribano, Miguel.
9 (RLIN) 126957
852 4# - LOCALIZACIÓN
Encuadernación
Ubicación BA
Número de control de estantería R-2294
Nota libre - Enc. piel en estuche rígido de tela. Olim: F-704
856 4# - LOCALIZACIÓN Y ACCESO ELECTRÓNICOS
Identificador Uniforme de Recursos <a href="http://bdh-rd.bne.es/viewer.vm?id=0000000228&page=1 ">http://bdh-rd.bne.es/viewer.vm?id=0000000228&page=1 </a>
Nota pública Biblioteca Digital Hispánica
Holdings
Estatus retirado Estado de pérdida Estado de daño No para préstamo Colección Biblioteca de origen Biblioteca actual Ubicación en estantería Fecha de adquisición Fuente de adquisición Total de préstamos Signatura topográfica completa Código de barras Visto por última vez Precio de reemplazo Tipo de ítem Koha
        Colección digital Biblioteca del Ateneo de Madrid Biblioteca del Ateneo de Madrid Depósito 17/01/2008     R-2294 1160668 23/02/2023 23/02/2023 Libro impreso antiguo